000 00654nam a22002057a 4500
003 OSt
005 20230914114355.0
008 221006b |||||||| |||| 00| 0 eng d
040 _cBiblioteca Lado V
082 _a701
_bM754t
100 _91059
_aMonsanto, Tony
_eautor
245 _aTony Monsanto/
260 _aNew York
_bInternational Art Critics Association
_c2001
300 _c28x21cm
_a2p.
366 _espa
650 _2Tesauro de Arte & Arquitectura
_aARTE
_9703
650 _2Tesauro de Arte & Arquitectura
_aEXHIBICION
_9702
650 _2Tesauro de Arte & Arquitectura
_aFOLLETO
_9702
942 _2ddc
_c1
_h701
_iM754t
_n0
999 _c4324
_d4324